Clue Deaths by Description - Statistics

General Stats
  • This quiz has been taken 10 times
  • The average score is 3 of 7
Answer Stats
Hint Explanation Answer % Correct
Shot by Mrs. Scarlet/Mrs. Peacock/Wadsworth Singing Telegram Girl
60%
Strangled with rope Yvette
60%
Head beaten with a lead pipe The Cop
40%
Stabbed in the back with a dagger The Cook
40%
Shot by Mr. Green (third ending only) Wadsworth/Mr. Boddy
40%
Head beaten with a wrench The Motorist
40%
Head beaten with a candlestick Mr. Boddy
20%
No matching quizzes found
Score Distribution
Percent of People with Each Score
Percentile by Number Answered
Your Score History
You have not taken this quiz